<?xml version="1.0" encoding="UTF-8"?>
<record
    xmlns:xsi="http://www.w3.org/2001/XMLSchema-instance"
    xsi:schemaLocation="http://www.loc.gov/MARC21/slim http://www.loc.gov/standards/marcxml/schema/MARC21slim.xsd"
    xmlns="http://www.loc.gov/MARC21/slim">

  <leader>02059nam a2200349 i 4500</leader>
  <controlfield tag="003">DO-SdBNP</controlfield>
  <controlfield tag="005">20251009130555.0</controlfield>
  <controlfield tag="007">ta</controlfield>
  <controlfield tag="008">221104e2022    dr  |||gr|||| 001 edspa d</controlfield>
  <datafield tag="020" ind1=" " ind2=" ">
    <subfield code="a">9798632034494 v.1</subfield>
  </datafield>
  <datafield tag="020" ind1=" " ind2=" ">
    <subfield code="a">9798434734332 v.2</subfield>
  </datafield>
  <datafield tag="040" ind1=" " ind2=" ">
    <subfield code="a">DO-SdBNP</subfield>
    <subfield code="b">spa</subfield>
    <subfield code="c">BNPHU</subfield>
  </datafield>
  <datafield tag="041" ind1=" " ind2=" ">
    <subfield code="a">spa</subfield>
  </datafield>
  <datafield tag="082" ind1=" " ind2="4">
    <subfield code="a">RD861.5</subfield>
    <subfield code="b">A634p</subfield>
    <subfield code="2">22</subfield>
  </datafield>
  <datafield tag="245" ind1="1" ind2="0">
    <subfield code="a">Antolog&#xED;a de poetas veganos /</subfield>
    <subfield code="c">William Acevedo Fern&#xE1;ndez</subfield>
  </datafield>
  <datafield tag="264" ind1=" " ind2="1">
    <subfield code="a">La Vega, Rep&#xFA;blica Dominicana :</subfield>
    <subfield code="b">[editor no identificado] ;</subfield>
    <subfield code="c">2022.</subfield>
  </datafield>
  <datafield tag="300" ind1=" " ind2=" ">
    <subfield code="a">vol&#xFA;menes ;</subfield>
    <subfield code="c">23 cm.</subfield>
  </datafield>
  <datafield tag="336" ind1=" " ind2=" ">
    <subfield code="a">texto</subfield>
    <subfield code="b">txt</subfield>
    <subfield code="2">rdacontent</subfield>
  </datafield>
  <datafield tag="337" ind1=" " ind2=" ">
    <subfield code="a">sin mediaci&#xF3;n</subfield>
    <subfield code="b">n</subfield>
    <subfield code="2">rdamedia </subfield>
  </datafield>
  <datafield tag="338" ind1=" " ind2=" ">
    <subfield code="a">volumen</subfield>
    <subfield code="b">nc</subfield>
    <subfield code="2">rdacarrier </subfield>
  </datafield>
  <datafield tag="500" ind1=" " ind2=" ">
    <subfield code="a">Incluye biograf&#xED;a del autor en las p&#xE1;ginas 9 al 13 en v.1 y v.2</subfield>
  </datafield>
  <datafield tag="504" ind1=" " ind2=" ">
    <subfield code="a">Bibliograf&#xED;a : v.1, p. 191 - 194.-- Bibliograf&#xED;a : v.2, p. 199 - 201 </subfield>
  </datafield>
  <datafield tag="505" ind1=" " ind2=" ">
    <subfield code="a">v.1:</subfield>
    <subfield code="t">Pedro Antonio Valdez.--</subfield>
    <subfield code="t">William Acevedo Fern&#xE1;ndez.--</subfield>
    <subfield code="t">Alfredo Rafael Hern&#xE1;ndez.--</subfield>
    <subfield code="t">Patri Quisqueya Concepci&#xF3;n.--</subfield>
    <subfield code="t">Pastor de Moya.--</subfield>
    <subfield code="t">Mignolia Acevedo Fern&#xE1;ndez.--</subfield>
    <subfield code="t">Fausto Leonardo Henr&#xED;quez.--</subfield>
    <subfield code="t">Jos&#xE9; M&#xE1;rmol.--</subfield>
    <subfield code="t">Florencio Silia Eduardo.--</subfield>
    <subfield code="t">Miguel &#xC1;ngel Dur&#xE1;n Ure&#xF1;a.--</subfield>
    <subfield code="t">Berkis Contreras.--</subfield>
    <subfield code="t">Carlos Jos&#xE9; Salcedo.--</subfield>
    <subfield code="t">Mar&#xED;a Reina Leonardo.--</subfield>
    <subfield code="t">Jos&#xE9; Agust&#xED;n Concepci&#xF3;n.--</subfield>
    <subfield code="t">Rafael Concepci&#xF3;n Brito.--</subfield>
    <subfield code="t">Rafael Dionicio Conepci&#xF3;n.</subfield>
  </datafield>
  <datafield tag="505" ind1=" " ind2=" ">
    <subfield code="a">v.2</subfield>
    <subfield code="t">Juan Bosch.--</subfield>
    <subfield code="t">Rub&#xE9;n Suro.--</subfield>
    <subfield code="t">Francisco Cruz Rodr&#xED;guez (Maqu&#xED;n).--</subfield>
    <subfield code="t">V&#xED;ctor Escarram&#xE1;n Hern&#xE1;ndez.--</subfield>
    <subfield code="t">Cristian Paulino Baldera.--</subfield>
    <subfield code="t">Eduardo Mu&#xF1;oz Dom&#xED;guez.--</subfield>
    <subfield code="t">Tom&#xE1;s Abreu.--</subfield>
    <subfield code="t">Fernando Valerio Holgu&#xED;n.--</subfield>
    <subfield code="t">Henry Santos.--</subfield>
    <subfield code="t">Erasmo V&#xE1;squez.--</subfield>
    <subfield code="t">Ram&#xF3;n Cordero.--</subfield>
    <subfield code="t">Nelson Cruz.--</subfield>
    <subfield code="t">Jorge Suarez.--</subfield>
    <subfield code="t">El&#xED;as Herrera.--</subfield>
    <subfield code="t">Luis Lora S&#xE1;nchez.--</subfield>
    <subfield code="t">Francisco Javier Santiago.--</subfield>
    <subfield code="t">William Acevedo Fern&#xE1;ndez.--</subfield>
    <subfield code="t">Rita D&#xED;az Blanco.</subfield>
  </datafield>
  <datafield tag="590" ind1=" " ind2=" ">
    <subfield code="a">Inventariado 2022 / MF</subfield>
  </datafield>
  <datafield tag="650" ind1=" " ind2="4">
    <subfield code="a">Concepci&#xF3;n de la Vega ( Rep&#xFA;blica Dominicana)</subfield>
    <subfield code="x">Poes&#xED;a </subfield>
    <subfield code="9">86810</subfield>
  </datafield>
  <datafield tag="650" ind1=" " ind2="4">
    <subfield code="a">Literatura dominicana </subfield>
    <subfield code="9">80984</subfield>
    <subfield code="v">Colecciones </subfield>
  </datafield>
  <datafield tag="650" ind1=" " ind2="0">
    <subfield code="a">Antolog&#xED;a literaria </subfield>
    <subfield code="9">20495</subfield>
  </datafield>
  <datafield tag="650" ind1=" " ind2="4">
    <subfield code="a">Poetas dominicanos </subfield>
    <subfield code="v">Biograf&#xED;as </subfield>
    <subfield code="9">23611</subfield>
  </datafield>
  <datafield tag="910" ind1=" " ind2=" ">
    <subfield code="a">MF&#xE9;lix</subfield>
  </datafield>
  <datafield tag="942" ind1=" " ind2=" ">
    <subfield code="2">ddc</subfield>
    <subfield code="c">LBS1</subfield>
  </datafield>
  <datafield tag="952" ind1=" " ind2=" ">
    <subfield code="0">0</subfield>
    <subfield code="1">0</subfield>
    <subfield code="2">ddc</subfield>
    <subfield code="5">1</subfield>
    <subfield code="7">0</subfield>
    <subfield code="8">PD</subfield>
    <subfield code="a">BNPHU</subfield>
    <subfield code="b">BNPHU</subfield>
    <subfield code="c">HD</subfield>
    <subfield code="d">2022-11-04</subfield>
    <subfield code="e">Dep&#xF3;sito legal</subfield>
    <subfield code="o">BNPHU PD RD861.5 A634p</subfield>
    <subfield code="p">2022-4941</subfield>
    <subfield code="r">2022-11-04</subfield>
    <subfield code="t">v.1</subfield>
    <subfield code="w">2022-11-04</subfield>
    <subfield code="y">LBS1</subfield>
  </datafield>
  <datafield tag="952" ind1=" " ind2=" ">
    <subfield code="0">0</subfield>
    <subfield code="1">0</subfield>
    <subfield code="2">ddc</subfield>
    <subfield code="5">1</subfield>
    <subfield code="7">0</subfield>
    <subfield code="8">PD</subfield>
    <subfield code="a">BNPHU</subfield>
    <subfield code="b">BNPHU</subfield>
    <subfield code="c">HD</subfield>
    <subfield code="d">2022-11-04</subfield>
    <subfield code="e">Dep&#xF3;sito legal</subfield>
    <subfield code="o">BNPHU PD RD861.5 A634p</subfield>
    <subfield code="p">2022-4942</subfield>
    <subfield code="r">2022-11-04</subfield>
    <subfield code="t">v.2</subfield>
    <subfield code="w">2022-11-04</subfield>
    <subfield code="y">LBS1</subfield>
  </datafield>
  <datafield tag="952" ind1=" " ind2=" ">
    <subfield code="0">0</subfield>
    <subfield code="1">0</subfield>
    <subfield code="2">ddc</subfield>
    <subfield code="5">1</subfield>
    <subfield code="7">0</subfield>
    <subfield code="8">PD</subfield>
    <subfield code="a">BNPHU</subfield>
    <subfield code="b">BNPHU</subfield>
    <subfield code="c">HD</subfield>
    <subfield code="d">2022-11-04</subfield>
    <subfield code="e">Dep&#xF3;sito legal </subfield>
    <subfield code="o">BNPHU PD RD861.5 A634p</subfield>
    <subfield code="p">2022-4943</subfield>
    <subfield code="r">2022-11-04</subfield>
    <subfield code="t">v.2, e.2</subfield>
    <subfield code="w">2022-11-04</subfield>
    <subfield code="y">LBS1</subfield>
  </datafield>
  <datafield tag="952" ind1=" " ind2=" ">
    <subfield code="0">0</subfield>
    <subfield code="1">0</subfield>
    <subfield code="2">ddc</subfield>
    <subfield code="5">1</subfield>
    <subfield code="7">0</subfield>
    <subfield code="8">PD</subfield>
    <subfield code="a">BNPHU</subfield>
    <subfield code="b">BNPHU</subfield>
    <subfield code="c">HD</subfield>
    <subfield code="d">2022-08-11</subfield>
    <subfield code="e">Dep&#xF3;sito legal </subfield>
    <subfield code="o">BNPHU PD RD861.5 A634p</subfield>
    <subfield code="p">2023-1090</subfield>
    <subfield code="r">2023-02-23</subfield>
    <subfield code="t">v.1 e,2</subfield>
    <subfield code="w">2023-02-23</subfield>
    <subfield code="y">LBS1</subfield>
  </datafield>
  <datafield tag="999" ind1=" " ind2=" ">
    <subfield code="c">52792</subfield>
    <subfield code="d">52792</subfield>
  </datafield>
</record>
